000 00444nam a2200169Ia 4500
003 GCL
008 140319s9999 xx 000 0 eng d
040 _aGCL /
_cGCL
082 0 4 _a881.01
_bH A
100 1 _aHOPKINSON, NEIL
245 1 0 _aA HELLENISTIC ANTHOLOGY /
_cHOPKINSON, NEIL
260 _a[S.N] :
_bCAMBRIDGE UNIVERSITY PRESS ،
_c1990
300 _a288 P
650 0 4 _aHELLENISTIC
650 0 4 _aLITERATURE - GREEK
942 _2ddc
_cBK
999 _c24110
_d24110